000 nam a22 7a 4500
999 _c9616
_d9616
008 180205b ||||| |||| 00| 0 eng d
100 _aBhanot, D P
_95744
245 _aCommunicative english course main course -VI
260 _aNew Delhi
_bHoly faith publication